Every NFl Teams Worst Starting Player ESPN - Statistics

General Stats
  • This quiz has been taken 2 times
  • The average score is 14 of 32
Answer Stats
Team Position Answer % Correct
Bears LB D'Marco Jackson
100%
Titans C Austin Schlottmann
50%
Panthers CB Chau Smith-Wade
50%
Lions LG Christian Mahogany
50%
49ers DT C.J West
50%
Chiefs LB Cole Christian
50%
Ravens C Corey Bullock
50%
Patriots DT Cory Durden
50%
Buccaneers EDGE Elijah Roberts
50%
Jets QB Geno Smith
50%
Rams K Harrison Mevis
50%
Cardinals RG Isaiah Adams
50%
Jaguars LB Jack Kiser
50%
Falcons WR Jahan Dotson/Olamide Zaccheaus
50%
Bengals NB Jalen Davis
50%
Colts LB John Bullock
50%
Broncos ILB Justin Strnad
50%
Texans P Kai Kroeger
50%
Steelers QB Mason Rudolph
50%
Cowboys NT Otito Ogbonnia
50%
Giants NT Sam Roberts
50%
Dolphins CB Storm Duck
50%
Vikings WR Tai Felton
50%
Raiders EDGE Thomas Booker IV
50%
Eagles RG Tyler Steen
50%
Seahawks SS Ty Okada
50%
Saints EDGE Vernon Broughton
50%
Packers LB Brenton Cox Jr.
0%
Bills CB Davison Igbinosun
0%
Commanders DT Javon Kinlaw
0%
Chargers EDGE Justin Eboigbe
0%
Browns NB Myles Harden
0%
No matching quizzes found
Score Distribution
Percent of People with Each Score
Percentile by Number Answered
Your Score History
You have not taken this quiz